Databáza pre projektanta

Bibliographic Details
Main Author: Distler, Peter (Author)
Format: Article
Language:Slovak
PhysicalDescription:Obr. 1.
Subjects:

MARC

LEADER 00000nab a2200000 a 4500
001 vtls000416303
003 SK-MaSNL
005 20260302234808.0
008 120925c1988 xo 0 slo
015 |a SNBRA19rr/mm-uuuuu 
035 |a CL0416428 
040 |a SNKBUCL  |b slo  |c SNKBUCL  |e AACR2 
041 0 |a slo 
044 |a xo  |c SK 
080 |a 658.512:681.3.06  |2 1981 
080 |a 681.3.06  |2 1981 
100 1 |a Distler, Peter  |4 aut  |9 970594 
245 1 0 |a Databáza pre projektanta  |c Peter Distler 
300 |b Obr. 1. 
650 0 7 |a automatizované projektovanie  |2 snkbucl  |9 70011 
650 0 7 |a databázy  |2 snkbucl  |9 885 
655 7 |a články zo zborníkov  |2 snkbucl  |9 166140 
773 0 |t Zavádzanie automatizácie inžinierskych prác v strojárstve  |d Žilina : Dom techniky ČSVTS, 1988  |g S. 123-130 
850 |a Slovenská národná knižnica v Martine  |a MTA001 
852 |a SNK  |b KIS3GCP 
958 |a RK 
992 |a RZB 
999 |c 1552004  |d 1553934